000 00702nam a22002297a 4500
999 _c170340
_d170340
005 20191213122441.0
010 _aENG-127119
020 _c695.00
_a9789353168384
035 _aEN-110651
037 _bDBAD/PUB
082 _a657.42
100 _aJawahar Lal
245 _aCost accounting :
_cby Jawahar Las, Seema Srivastava [and] Manisha Singh
_btext, problems and cases /
250 _a6th ed.
260 _aNew Delhi
_bMcGraw Hill Education
_c2019
270 _aP-2, Green Park Extension
_bNew Delhi
_e110016
300 _axxxi;1036p.
_c23cm(pbk)
500 _aIncludes index
700 _aSrivastava, Seema
700 _aSingh, Manisha
942 _2ddc
_cEN
_h657.42
_mJAW